Ελληνικοί χοροί : ανάλυση κινήσεων, χορογραφήματα, μουσική - στίχοι
Αποθηκεύτηκε σε:
| Κύριος συγγραφέας: | |
|---|---|
| Μορφή: | Βιβλίο |
| Γλώσσα: | Greek |
| Δημοσίευση: |
Αθήνα :
Παράγραφος,
2020.
|
| Έκδοση: | 3η έκδ. |
| Θέματα: | |
| Ετικέτες: |
Προσθήκη ετικέτας
Δεν υπάρχουν, Καταχωρήστε ετικέτα πρώτοι!
|
MARC
| LEADER | 00000cam a2200000 a 4500 | ||
|---|---|---|---|
| 001 | 1/123058 | ||
| 008 | 210527s2020####gr | ||| |||| ||gre|| | ||
| 020 | |a 9786188490918 | ||
| 040 | |a GR-MyUa |b gre |c GR-MyUa |e AACR2 | ||
| 041 | 0 | |a gre | |
| 082 | 7 | |a 793.319495 |2 (23) | |
| 100 | 1 | |a Μπίκος, Αθανάσιος Χρ. | |
| 245 | 1 | 0 | |a Ελληνικοί χοροί : |b ανάλυση κινήσεων, χορογραφήματα, μουσική - στίχοι / |c Αθανασιος Χρ. Μπίκος. |
| 250 | |a 3η έκδ. | ||
| 260 | |a Αθήνα : |b Παράγραφος, |c 2020. | ||
| 300 | |a 209 σ. : |b σχέδ., φωτ. ; |c 24 εκ. | ||
| 650 | 0 | |a Folk dancing, Greek | |
| 650 | 0 | |a Dance |x Folklore |z Greece. | |
| 650 | 0 | |a Folk songs, Greek | |
| 852 | |a INST |b RHODES |e 20210527 |h 793.319495 ΜΠΙ |p 005400042130 |q 005400042130 |t BK |y 0 | ||
| 970 | |z 27-05-2021 | ||